[Event "Tournoi Skype 022B"]
[Site "Skype"]
[Date "????.??.??"]
[Round "1.1"]
[White "Vincent, Andre"]
[Black "Legueltel, Daniel"]
[Result "1/2-1/2"]
[WhiteElo "1263"]
[BlackElo "1684"]
[PlyCount "96"]

1. d4 d5 2. c4 e6 3. e3 Nf6 4. Nc3 Be7 5. Nf3 O-O 6. Be2 b6 7. O-O Bb7 8. Nd2
Nbd7 9. Bf3 c5 10. cxd5 exd5 11. Re1 Re8 12. a3 Rc8 13. Nb3 c4 14. Nd2 a6 15.
e4 dxe4 16. Ndxe4 Qc7 17. Ng5 Bd6 18. g3 Bxf3 19. Rxe8+ Rxe8 20. Nxf3 b5 21.
Bf4 Bxf4 22. gxf4 Qxf4 23. h3 h6 24. Kg2 Nb6 25. Qd2 Qxd2 26. Nxd2 Nbd5 27.
Nxd5 Nxd5 28. Nf3 Re2 29. Rb1 Nf4+ 30. Kf1 Re4 31. Re1 Rxe1+ 32. Nxe1 Nxh3 33.
d5 Kf8 34. d6 Ke8 35. Kg2 Nf4+ 36. Kf3 Ne6 37. Ke4 Kd7 38. Kd5 h5 39. Nf3 f6
40. Nh4 g5 41. Nf5 h4 42. f3 h3 43. Ng3 h2 44. Nh1 f5 45. Nf2 g4 46. fxg4 fxg4
47. Nh1 Nf4+ 48. Ke5 Nd3+ 1/2-1/2

[Event "Tournoi Skype 022B"]
[Site "Skype"]
[Date "????.??.??"]
[Round "1.2"]
[White "Leyton Calderon, Jairo Oswaldo"]
[Black "Bucherie, Volcy"]
[Result "1-0"]
[WhiteElo "1593"]
[BlackElo "1255"]
[PlyCount "91"]

1. Nf3 Nf6 2. c4 c5 3. b3 Nc6 4. Bb2 e6 5. e3 Be7 6. Be2 O-O 7. O-O d5 8. d4 h6
9. Nbd2 Qc7 10. Rc1 Bd6 11. dxc5 Bxc5 12. Bxf6 gxf6 13. cxd5 exd5 14. Rxc5 Qe7
15. Rxd5 Be6 16. Rh5 Kg7 17. Nh4 Nb4 18. a3 Na2 19. Qc2 Qxa3 20. Ra1 Rac8 21.
Qxa2 Rc1+ 22. Rxc1 Qxc1+ 23. Nf1 Rd8 24. Nf5+ Kg6 25. Nd4 a6 26. Qc2+ Qxc2 27.
Nxc2 Bxb3 28. Nd4 Bd5 29. Ng3 b5 30. Bxb5 axb5 31. Nxb5 Bc4 32. Nd4 Rb8 33. h3
Rb1+ 34. Kh2 Rb2 35. Rc5 Bf1 36. Nxf1 Rxf2 37. Ng3 Rd2 38. Ngf5 Rd1 39. Kg3 Re1
40. Kf2 Ra1 41. Ne7+ Kg7 42. Rh5 Ra2+ 43. Kf3 Ra3 44. Ndf5+ Kf8 45. Rxh6 Ra5
46. Rh8# 1-0

[Event "Tournoi Skype 022B"]
[Site "Skype"]
[Date "????.??.??"]
[Round "1.3"]
[White "Bouffard, Georges"]
[Black "Duthoit, Bernard"]
[Result "0-1"]
[WhiteElo "1251"]
[BlackElo "1515"]
[PlyCount "148"]

1. d4 e5 2. d5 d6 3. e4 Nf6 4. Nc3 Nbd7 5. Bd3 Be7 6. Nge2 Nb6 7. O-O Bd7 8.
Ng3 Qc8 9. Be2 c6 10. f3 cxd5 11. Nxd5 Nbxd5 12. exd5 b6 13. c4 O-O 14. Rf2 Bd8
15. Be3 Ne8 16. Qd3 f5 17. f4 e4 18. Qc3 Bf6 19. Qd2 g6 20. Rc1 h5 21. Nf1 Kg7
22. g3 Rh8 23. h4 Qd8 24. Rh2 a6 25. Bd1 Rb8 26. a4 Nc7 27. b4 Qe8 28. Qa2 a5
29. Rb1 Na6 30. Bd2 Bd4+ 31. Ne3 Bxe3+ 32. Bxe3 Nxb4 33. Qa1+ Kh7 34. Bd2 Na6
35. Bc3 Rf8 36. Bg7 Rf7 37. Bf6 Nc5 38. Bc2 Nxa4 39. Re2 Nc5 40. Bc3 a4 41. Bb4
b5 42. Bxc5 dxc5 43. Qa2 b4 44. Bd1 b3 45. Qa3 Rb4 46. Rc1 b2 47. Rxb2 Qb8 48.
Rxb4 Qxb4 49. Qc3 a3 50. Bb3 Ba4 51. Ba2 Rb7 52. Qa1 Qb2 53. Qb1 Qxb1 54. Rxb1
Rb4 55. Kf2 Rb2+ 56. Rxb2 axb2 57. Ke2 Kg7 58. Kd2 Kf7 59. Kc3 e3 60. Kd3 e2
61. Kxe2 Bb3 62. Bb1 Bxc4+ 63. Kd2 Bxd5 64. Kc3 c4 65. Kxb2 Ke6 66. Bc2 Be4 67.
Kc3 Bxc2 68. Kxc2 Kd5 69. Kc3 Kc5 70. Kc2 Kd4 71. Kd2 c3+ 72. Ke2 Kc4 73. Kd1
Kd3 74. Kc1 c2 0-1

[Event "Tournoi Skype 022B"]
[Site "Skype"]
[Date "????.??.??"]
[Round "1.4"]
[White "Couto, Januario"]
[Black "Bustos, Ricardo"]
[Result "1-0"]
[WhiteElo "1500"]
[BlackElo "1250"]
[PlyCount "49"]

1. e4 c5 2. Nf3 Nc6 3. d4 cxd4 4. Nxd4 g6 5. c3 Bg7 6. Bc4 Nf6 7. f3 Ne5 8. Bb3
a5 9. Bf4 Qc7 10. O-O O-O 11. Nd2 a4 12. Bxa4 Rxa4 13. Qxa4 Nh5 14. Bxe5 Bxe5
15. Ne2 Bxh2+ 16. Kh1 Ng3+ 17. Nxg3 Bxg3 18. Qc4 Qf4 19. Rfd1 Qh4+ 20. Kg1 Qh2+
21. Kf1 Qh1+ 22. Ke2 Qxg2+ 23. Kd3 b5 24. Qd4 Qxf3+ 25. Nxf3 1-0

[Event "Tournoi Skype 022B"]
[Site "Skype"]
[Date "????.??.??"]
[Round "1.5"]
[White "Borg, Anthony"]
[Black "Cayo, Ana Carolina"]
[Result "1/2-1/2"]
[WhiteElo "1237"]
[BlackElo "1496"]
[PlyCount "88"]

1. d4 d5 2. Nf3 Nf6 3. Nbd2 Bf5 4. e3 e6 5. c4 c6 6. cxd5 cxd5 7. Bb5+ Nc6 8.
Bxc6+ bxc6 9. Ne5 Qc7 10. O-O Bd6 11. Ndf3 Bg4 12. h3 Bh5 13. Qc2 Bg6 14. Qa4
Rc8 15. Bd2 Nd7 16. Nxg6 hxg6 17. Rac1 Nb6 18. Qa6 O-O 19. Ba5 Ra8 20. Qd3 Rfc8
21. e4 Qb8 22. e5 Be7 23. Bxb6 axb6 24. a3 c5 25. Rb1 c4 26. Qe3 b5 27. Rfc1 b4
28. axb4 Qxb4 29. Ng5 Bxg5 30. Qxg5 Qb3 31. Qd2 Ra7 32. Rc3 Qb4 33. Qc2 Rca8
34. b3 Ra1 35. Rxa1 Rxa1+ 36. Kh2 Ra3 37. Qb2 Rxb3 38. Rxb3 Qxb3 39. Qa1 c3 40.
Qa8+ Kh7 41. Qd8 c2 42. Qh4+ Kg8 43. Qd8+ Kh7 44. Qh4+ Kg8 1/2-1/2

[Event "Tournoi Skype 022B"]
[Site "Skype"]
[Date "????.??.??"]
[Round "1.6"]
[White "Aranzubia, Desiderio"]
[Black "Codina, Teresa"]
[Result "1-0"]
[WhiteElo "1488"]
[BlackElo "1236"]
[PlyCount "71"]

1. d4 Nf6 2. c4 d5 3. Nf3 Bg4 4. Nc3 c6 5. Bf4 e6 6. e3 Bb4 7. a3 Bxc3+ 8. bxc3
O-O 9. cxd5 cxd5 10. Be2 Nc6 11. O-O Rc8 12. Rc1 Ne7 13. c4 b6 14. cxd5 Nfxd5
15. Bg3 Nf6 16. h3 Bh5 17. Ne5 Bxe2 18. Qxe2 Nd7 19. Rxc8 Nxc8 20. Nc6 Qf6 21.
Rc1 a5 22. Qa6 Ne7 23. Qb7 Nxc6 24. Qxd7 Nd8 25. Rc8 e5 26. Bxe5 Qe6 27. Rxd8
Qxd7 28. Rxd7 h6 29. Rb7 Rc8 30. Rxb6 Rc1+ 31. Kh2 Ra1 32. Bd6 Ra2 33. f3 a4
34. Rb4 Rxa3 35. Rb8+ Kh7 36. Bxa3 1-0

[Event "Tournoi Skype 022B"]
[Site "Skype"]
[Date "????.??.??"]
[Round "1.7"]
[White "Gieschen, Mike"]
[Black "Fouquereau, Andre"]
[Result "0-1"]
[WhiteElo "1234"]
[BlackElo "1479"]
[PlyCount "44"]

1. e4 e5 2. Nf3 d6 3. Bc4 Be7 4. O-O Nf6 5. d3 O-O 6. Nc3 c6 7. Be3 Bg4 8. d4
Nbd7 9. d5 c5 10. a3 a6 11. b4 Nb6 12. Bb3 Qc7 13. Qe2 cxb4 14. Na4 Nxa4 15.
Bxa4 b5 16. axb4 bxa4 17. Rxa4 Nxe4 18. h3 Bxf3 19. Qxf3 Qxc2 20. Raa1 Nc3 21.
Rfc1 Ne2+ 22. Kh1 Nxc1 0-1

[Event "Tournoi Skype 022B"]
[Site "Skype"]
[Date "????.??.??"]
[Round "1.8"]
[White "Malbec, Robert"]
[Black "Ram, Madhukesh"]
[Result "1-0"]
[WhiteElo "1467"]
[BlackElo "1230"]
[PlyCount "63"]

1. e4 e5 2. Nf3 Nc6 3. Bc4 Bc5 4. c3 Nf6 5. d4 exd4 6. cxd4 Be7 7. Nbd2 d5 8.
exd5 Nxd5 9. O-O O-O 10. Nb3 Be6 11. Bd2 h6 12. Re1 Re8 13. h3 Bf5 14. Bb5 a6
15. Bxc6 bxc6 16. Ne5 Qd6 17. Na5 Nb4 18. a3 Nc2 19. Bb4 Qd5 20. Bxe7 Nxa1 21.
Naxc6 f6 22. Qh5 fxe5 23. Rxe5 Qxc6 24. Qxf5 Nc2 25. Rc5 g6 26. Qxc2 Qd7 27.
Qxg6+ Kh8 28. Qxh6+ Kg8 29. Rg5+ Kf7 30. Qg7+ Ke6 31. Qe5+ Kf7 32. Qf6# 1-0

[Event "Tournoi Skype 022B"]
[Site "Skype"]
[Date "????.??.??"]
[Round "1.9"]
[White "Le Bouill, Pierre"]
[Black "Hernandez, George"]
[Result "1/2-1/2"]
[WhiteElo "1227"]
[BlackElo "1429"]
[PlyCount "51"]

1. d4 Nf6 2. f4 d5 3. e3 g6 4. c3 Bg7 5. Bd3 Nc6 6. Nd2 e6 7. Ngf3 Bd7 8. O-O
O-O 9. Ne5 Nxe5 10. dxe5 Ne8 11. Nf3 c5 12. c4 b6 13. b3 Rc8 14. Bd2 Nc7 15.
cxd5 Nxd5 16. Rc1 Nb4 17. Bxb4 cxb4 18. Qd2 a5 19. Nd4 Rxc1 20. Rxc1 Qb8 21.
Bb5 Rd8 22. Qc2 Rc8 23. Qd2 Rd8 24. Qc2 Rc8 25. Qd2 Rd8 26. Qc2 1/2-1/2

/2-1/2

[Event "Tournoi Skype 022B"]
[Site "Skype"]
[Date "????.??.??"]
[Round "1.10"]
[White "Aceituno, Stebe"]
[Black "Ruiz Gomez, Luz Alba"]
[Result "1-0"]
[WhiteElo "1427"]
[BlackElo "1227"]
[PlyCount "117"]

1. e4 e5 2. Nf3 Nc6 3. Bc4 Bc5 4. O-O Nf6 5. d3 O-O 6. Bg5 d6 7. h3 h6 8. Bh4
a6 9. c3 Bd7 10. Nbd2 Ne7 11. Bxf6 gxf6 12. d4 exd4 13. Nxd4 Ng6 14. Qh5 Kg7
15. Nf5+ Bxf5 16. exf5 d5 17. Bb3 Ne5 18. Kh1 Kh7 19. f4 Nd3 20. Qf3 Nxb2 21.
Rab1 Nc4 22. Nxc4 dxc4 23. Bxc4 b5 24. Bb3 Qd7 25. Qh5 Rae8 26. Rbd1 Bd6 27.
Qh4 Qd8 28. Qh5 Qd7 29. g4 c5 30. g5 c4 31. Qxh6+ Kg8 32. g6 fxg6 33. Qxg6+ Qg7
34. Qxg7+ Kxg7 35. Rxd6 cxb3 36. axb3 a5 37. Ra6 Re3 38. Rxa5 Rxh3+ 39. Kg2
Rxc3 40. Rxb5 Rh8 41. Rb7+ Kg8 42. Rf3 Rxf3 43. Kxf3 Rh5 44. Ke4 Rh2 45. b4
Re2+ 46. Kd5 Kf8 47. b5 Re8 48. Kd6 Re4 49. b6 Rc4 50. Rc7 Rb4 51. b7 Ke8 52.
Rc8+ Kf7 53. b8=Q Rxb8 54. Rxb8 Kg7 55. Ke6 Kh6 56. Kxf6 Kh5 57. Kg7 Kg4 58. f6
Kxf4 59. f7 1-0

[Event "Tournoi Skype 022B"]
[Site "Skype"]
[Date "????.??.??"]
[Round "1.11"]
[White "Porcabeuf, Jean-Marc"]
[Black "Gerbaux, Regis"]
[Result "1-0"]
[WhiteElo "1224"]
[BlackElo "1425"]
[PlyCount "39"]

1. d4 d5 2. c3 Nf6 3. e3 g6 4. Bd3 Bg7 5. Nd2 O-O 6. h3 b6 7. Ngf3 Bb7 8. O-O
Nbd7 9. Re1 Rc8 10. e4 dxe4 11. Nxe4 c5 12. Bc2 Re8 13. Bg5 e5 14. dxe5 Nxe5
15. Qxd8 Rcxd8 16. Nxe5 Rxe5 17. Nxf6+ Bxf6 18. Bxf6 Rxe1+ 19. Rxe1 h6 20. Bxd8
1-0

[Event "Tournoi Skype 022B"]
[Site "Skype"]
[Date "????.??.??"]
[Round "1.12"]
[White "Munoz Gonzalez, Martin"]
[Black "Farfallini, Michel"]
[Result "1-0"]
[WhiteElo "1406"]
[BlackElo "1221"]
[PlyCount "65"]

1. d4 d5 2. Nf3 Nf6 3. e3 Bg4 4. Bd3 Nbd7 5. Nbd2 e5 6. dxe5 Nxe5 7. Be2 Bd6 8.
Nxe5 Bxe2 9. Qxe2 Bxe5 10. Nf3 Bd6 11. Nd4 c6 12. f3 O-O 13. c3 Bc7 14. O-O Qd6
15. g3 Rfe8 16. Bd2 Re5 17. Nc2 Rae8 18. Qg2 Nh5 19. g4 R5e6 20. Nd4 Rg6 21.
Nf5 Qd8 22. Qh3 Qg5 23. Kf2 Nf6 24. Rg1 h5 25. gxh5 Qxh5 26. Qxh5 Nxh5 27. h3
Ree6 28. Rxg6 Rxg6 29. Rg1 Rxg1 30. Kxg1 Ng3 31. Nxg3 Bxg3 32. Kg2 Bd6 33. h4
1-0

[Event "Tournoi Skype 022B"]
[Site "Skype"]
[Date "????.??.??"]
[Round "1.13"]
[White "Schnell, Nicolas"]
[Black "Calderon, Job"]
[Result "0-1"]
[WhiteElo "1000"]
[BlackElo "1400"]
[PlyCount "52"]

1. Nf3 Nf6 2. e3 d5 3. Ne5 Nbd7 4. c4 Nxe5 5. cxd5 e6 6. Nc3 exd5 7. Qa4+ Bd7
8. Nb5 a6 9. Nd6+ Bxd6 10. Qd4 O-O 11. d3 c6 12. e4 Re8 13. Be2 Qa5+ 14. Bd2
Qc5 15. Qa4 Nxd3+ 16. Bxd3 Nxe4 17. Be3 Qb4+ 18. Qxb4 Bxb4+ 19. Bd2 Bxd2+ 20.
Ke2 Ba5 21. f3 Ng3+ 22. Kf2 Nxh1+ 23. Kf1 Re7 24. f4 Rae8 25. g3 Bh3+ 26. Kg1
Re1+ 0-1

[Event "Tournoi Skype 022B"]
[Site "Skype"]
[Date "????.??.??"]
[Round "1.15"]
[White "Alverson, Ginny"]
[Black "Junqueira, Leonardo De Faria"]
[Result "0-1"]
[WhiteElo "1207"]
[BlackElo "1400"]
[PlyCount "26"]

1. Nf3 d5 2. d4 c5 3. dxc5 e6 4. b4 a5 5. Ba3 axb4 6. Bxb4 b6 7. Nd4 bxc5 8.
Bc3 cxd4 9. Qc1 dxc3 10. Nxc3 Bb4 11. Qe3 Qa5 12. a3 Bxc3+ 13. Qxc3 Qxc3+ 0-1

[Event "Tournoi Skype 022B"]
[Site "Skype"]
[Date "????.??.??"]
[Round "1.16"]
[White "Milanese, Serge"]
[Black "Cengiz, Ali Ekber"]
[Result "1/2-1/2"]
[WhiteElo "1400"]
[BlackElo "1201"]
[PlyCount "56"]

1. e4 e5 2. Nf3 Nf6 3. Nxe5 d6 4. Nf3 Nxe4 5. d4 Be7 6. Bd3 d5 7. O-O O-O 8. c4
Be6 9. Nbd2 f5 10. Nb3 dxc4 11. Nc5 Bd5 12. Nxb7 Bxb7 13. Bxc4+ Kh8 14. Ne5 Bd5
15. Qh5 Bxc4 16. Nxc4 Qxd4 17. Ne3 g6 18. Qd1 Qe5 19. Nd5 Nc6 20. Qc2 Bd6 21.
Nf4 g5 22. Qxc6 gxf4 23. f3 Bc5+ 24. Kh1 Nf2+ 25. Kg1 Nh3+ 26. Kh1 Nf2+ 27. Kg1
Nh3+ 28. Kh1 Nf2+ 1/2-1/2

[Event "Tournoi Skype 022B"]
[Site "Skype"]
[Date "????.??.??"]
[Round "1.17"]
[White "Dhenain, Sebastien"]
[Black "Vilone, Rino"]
[Result "0-1"]
[WhiteElo "1201"]
[BlackElo "1400"]
[PlyCount "74"]

1. e4 e5 2. Nf3 Nc6 3. d4 exd4 4. Nxd4 Nxd4 5. Qxd4 c5 6. Qe5+ Qe7 7. Qxe7+
Bxe7 8. Nc3 d6 9. Nd5 Bd8 10. Bb5+ Bd7 11. Bxd7+ Kxd7 12. O-O h6 13. Bf4 g5 14.
Bg3 h5 15. e5 h4 16. Bxh4 Rxh4 17. Rad1 Rd4 18. Nf6+ Nxf6 19. exf6 Bxf6 20. Rc1
Rh8 21. c3 Rd2 22. Rb1 Be5 23. g3 f5 24. b4 cxb4 25. Rxb4 Kc6 26. Rfb1 b6 27.
Rc4+ Kd7 28. Ra4 Ra8 29. c4 Bd4 30. Rab4 Bxf2+ 31. Kf1 Rxa2 32. Rd1 Bc5 33. Rb3
Rxh2 34. Rf3 Re8 35. Rfd3 Ree2 36. Rf3 Re5 37. Re1 Rh1+ 0-1

[Event "Tournoi Skype 022B"]
[Site "Skype"]
[Date "????.??.??"]
[Round "1.18"]
[White "De Nobrega, George"]
[Black "Rangasamy, Jayaprakash"]
[Result "0-1"]
[WhiteElo "1396"]
[BlackElo "1199"]
[PlyCount "92"]

1. e4 e5 2. Nf3 Nc6 3. d4 exd4 4. Nxd4 Bc5 5. Nxc6 bxc6 6. Nc3 Qf6 7. Qe2 Ba6
8. Qd2 Bxf1 9. Rxf1 Ne7 10. Qg5 Qxg5 11. Bxg5 Ng6 12. O-O-O d6 13. Na4 Bb6 14.
Nxb6 axb6 15. a3 O-O 16. h4 f6 17. h5 Ne5 18. Bd2 c5 19. h6 g6 20. Bc3 Nc4 21.
Rd3 b5 22. Rf3 b4 23. Bxf6 bxa3 24. bxa3 Nxa3 25. Kd2 Nc4+ 26. Kc3 Ne5 27. Bxe5
Ra3+ 28. Kd2 Raxf3 29. gxf3 dxe5 30. Ke3 Rf6 31. Ra1 g5 32. Ra5 Rc6 33. Ra8+
Kf7 34. Rh8 Kg6 35. Rg8+ Kxh6 36. Re8 Kg6 37. Rxe5 h5 38. Ke2 h4 39. c4 h3 40.
Kf1 Rf6 41. Rxc5 Rxf3 42. Rxc7 Rf4 43. Rd7 h2 44. Rd6+ Kh5 45. Ke2 h1=Q 46. c5
Qxe4+ 0-1

[Event "Tournoi Skype 022B"]
[Site "Skype"]
[Date "????.??.??"]
[Round "1.19"]
[White "Mhabdi, Mahesh"]
[Black "Lemoine, Gerard"]
[Result "1/2-1/2"]
[WhiteElo "1196"]
[BlackElo "1396"]
[PlyCount "111"]

1. e4 e6 2. d4 d5 3. Nc3 c5 4. Be3 Nc6 5. dxc5 d4 6. Nb5 e5 7. Bg5 f6 8. Bh4 a6
9. Nd6+ Bxd6 10. cxd6 Qxd6 11. Bc4 Be6 12. Qd2 Bxc4 13. O-O-O Bxa2 14. Ne2 Qc5
15. c3 b5 16. b4 Nxb4 17. Kb2 dxc3+ 18. Nxc3 Qd4 19. Qxd4 exd4 20. Nxa2 Nxa2
21. Kxa2 Rd8 22. Rd3 Rd7 23. Rhd1 g5 24. Bg3 Ne7 25. Rxd4 Rxd4 26. Rxd4 Nc6 27.
Rd6 Nd8 28. Rxa6 Kf7 29. Ra8 Re8 30. Ra7+ Ke6 31. Ra6+ Kd7 32. Rxf6 Rxe4 33.
Rd6+ Kc8 34. Kb3 h5 35. Rd5 h4 36. f3 Re3+ 37. Kb4 hxg3 38. hxg3 Re2 39. Rxb5
Nc6+ 40. Kc4 Kd7 41. Rxg5 Rxg2 42. f4 Rc2+ 43. Kd3 Nb4+ 44. Ke4 Re2+ 45. Kf3
Re6 46. f5 Re5 47. Kf4 Nd3+ 48. Kg4 Ke7 49. f6+ Kxf6 50. Rxe5 Nxe5+ 51. Kf4
Ng6+ 52. Kg4 Ne5+ 53. Kf4 Ng6+ 54. Kg4 Ne5+ 55. Kf4 Ng6+ 56. Kg4 1/2-1/2

[Event "Tournoi Skype 022B"]
[Site "Skype"]
[Date "????.??.??"]
[Round "1.20"]
[White "Navghane, Rahul"]
[Black "Chothe, Siddhant"]
[Result "1-0"]
[WhiteElo "1396"]
[BlackElo "1193"]
[PlyCount "43"]

1. e4 e5 2. Nf3 Nc6 3. Nc3 Nf6 4. Bb5 a6 5. Ba4 b5 6. Bb3 Bb7 7. O-O h5 8. Ng5
d5 9. exd5 Nd4 10. Re1 Nxb3 11. Rxe5+ Be7 12. axb3 Kf8 13. Qf3 Bd6 14. Re1 Rh6
15. d3 Rg6 16. Qf5 Bc8 17. Ne6+ Bxe6 18. dxe6 Qe7 19. Nxb5 Bxh2+ 20. Kxh2 Ng4+
21. Kg1 Qh4 22. Qxf7# 1-0

[Event "Tournoi Skype 022B"]
[Site "Skype"]
[Date "????.??.??"]
[Round "1.21"]
[White "Yilmazer, Seher"]
[Black "Briere, Jean"]
[Result "0-1"]
[WhiteElo "1174"]
[BlackElo "1381"]
[PlyCount "70"]

1. e4 e5 2. Nf3 Nc6 3. d4 exd4 4. Nxd4 Qf6 5. Be2 Nxd4 6. c3 Nxe2 7. Qxe2 d6 8.
O-O Nh6 9. Nd2 Be7 10. b4 O-O 11. Nc4 Be6 12. e5 dxe5 13. Qxe5 Bxc4 14. Re1
Qxe5 15. Rxe5 Rad8 16. Bf4 Bd6 17. Re4 Bxf4 18. Rxf4 Bxa2 19. Re1 Be6 20. h3
Nf5 21. Rg4 Ne7 22. Rh4 Nd5 23. Re5 Nxc3 24. Reh5 h6 25. g4 Ne2+ 26. Kh2 Nf4
27. g5 Nxh5 28. Rxh5 hxg5 29. Rxg5 g6 30. h4 Kh7 31. Kg3 f6 32. Rc5 c6 33. h5
Rd5 34. Rc4 Rd3+ 35. Kh2 Bxc4 0-1

[Event "Tournoi Skype 022B"]
[Site "Skype"]
[Date "????.??.??"]
[Round "1.22"]
[White "Meaney, Mike"]
[Black "Bacha, Mehdi"]
[Result "1-0"]
[WhiteElo "1370"]
[BlackElo "1173"]
[PlyCount "115"]

1. d4 g6 2. Nf3 Bg7 3. Bf4 Nf6 4. Nc3 O-O 5. Nb5 d6 6. e3 a6 7. Nc3 Bg4 8. Be2
Nbd7 9. h3 Bxf3 10. Bxf3 Rb8 11. Qd2 Nb6 12. h4 Nc4 13. Qc1 Nb6 14. h5 gxh5 15.
Bxh5 Nbd5 16. Nxd5 Nxd5 17. Bh6 Bxh6 18. Bf3 Nf6 19. Rxh6 c6 20. e4 Qa5+ 21. c3
Kh8 22. Qf4 Rg8 23. g4 Qg5 24. Qxg5 Rxg5 25. O-O-O Kg7 26. Rdh1 Rd8 27. c4 Rc8
28. c5 dxc5 29. e5 Nd5 30. Rxh7+ Kf8 31. Rh8+ Rg8 32. R8h6 cxd4 33. g5 Nb4 34.
g6 Nxa2+ 35. Kd1 Rxg6 36. Rxg6 fxg6 37. Rh8+ Kg7 38. Rxc8 Nb4 39. Rb8 Nd3 40.
Rxb7 Nxf2+ 41. Ke2 Nh3 42. Bxc6 Nf4+ 43. Kd1 d3 44. Rb6 Kh6 45. Rxa6 Kg5 46. b4
Kh4 47. b5 Kg3 48. b6 Kf2 49. b7 Ke3 50. b8=Q d2 51. Qb6+ Kd3 52. Ra3+ Kc4 53.
Qb5+ Kd4 54. Ra4+ Ke3 55. Qb3+ Kf2 56. Qf3+ Kg1 57. Rxf4 g5 58. Qg2# 1-0

[Event "Tournoi Skype 022B"]
[Site "Skype"]
[Date "????.??.??"]
[Round "1.23"]
[White "Douichi, Mohammed"]
[Black "Maccaferri, Massimo"]
[Result "1-0"]
[WhiteElo "1165"]
[BlackElo "1357"]
[PlyCount "39"]

1. e4 e5 2. d3 Be7 3. Nf3 h5 4. Nxe5 Nc6 5. Nxc6 dxc6 6. d4 f6 7. Be2 f5 8.
Bxh5+ Kf8 9. e5 Bg5 10. O-O Bxc1 11. Qxc1 Rxh5 12. Qf4 Nh6 13. h3 g5 14. Qf3
Qxd4 15. Qxh5 Kg7 16. Qxg5+ Kh7 17. Nc3 Qxe5 18. Rae1 Qd6 19. Re7+ Kh8 20. Qg7#
1-0

[Event "Tournoi Skype 022B"]
[Site "Skype"]
[Date "????.??.??"]
[Round "1.24"]
[White "Yanez, Leticia Jorgelina"]
[Black "Scata, Laura"]
[Result "1-0"]
[WhiteElo "1348"]
[BlackElo "1152"]
[PlyCount "77"]

1. e4 c6 2. d4 d5 3. Nc3 dxe4 4. Nxe4 Bf5 5. Bd3 Bxe4 6. Bxe4 Nf6 7. Bd3 Nbd7
8. Nf3 e6 9. Bg5 Be7 10. O-O Qb6 11. b3 O-O 12. Qe2 Rfe8 13. Rac1 Rac8 14. c4
c5 15. Ne5 cxd4 16. Nxd7 Nxd7 17. Qh5 g6 18. Qh4 Bxg5 19. Qxg5 Nc5 20. Bb1 Qd8
21. Qe5 d3 22. Rcd1 Re7 23. b4 Nd7 24. Qb5 Qb6 25. Qxb6 Nxb6 26. c5 Nd5 27.
Rxd3 Nxb4 28. Rd4 Nc6 29. Rd6 Rd8 30. Rfd1 Red7 31. Rxd7 Rxd7 32. Rxd7 b6 33.
Be4 Ne5 34. Rd8+ Kg7 35. c6 f5 36. c7 Nf7 37. c8=Q Nxd8 38. Qxd8 fxe4 39. Qd7+
1-0

[Event "Tournoi Skype 022B"]
[Site "Skype"]
[Date "????.??.??"]
[Round "1.25"]
[White "Lecluyse, Koenraad"]
[Black "Moumtaz, Abderrahim"]
[Result "1-0"]
[WhiteElo "1137"]
[BlackElo "1338"]
[PlyCount "67"]

1. d4 d5 2. Nf3 Nf6 3. Bf4 c6 4. e3 Bf5 5. Bd3 Bxd3 6. Qxd3 e6 7. O-O Be7 8. c3
O-O 9. Re1 Re8 10. Bxb8 Rxb8 11. Nbd2 Bd6 12. e4 e5 13. dxe5 dxe4 14. Nxe4 Nxe4
15. Rxe4 Bc7 16. Qc4 Qd5 17. Qe2 Rbd8 18. h3 f6 19. e6 Re7 20. Rd4 Qxe6 21.
Rxd8+ Bxd8 22. Qd2 Rd7 23. Nd4 Qd6 24. Re1 Be7 25. Qc2 Qf4 26. Qb3+ Kh8 27. Ne6
Qb8 28. Nd4 Bd6 29. Kf1 Qg8 30. Ne6 Re7 31. a4 Rxe6 32. Rxe6 b6 33. Rxd6 Qxb3
34. Rd8+ 1-0

[Event "Tournoi Skype 022B"]
[Site "Skype"]
[Date "????.??.??"]
[Round "1.26"]
[White "Escudero Ocana, Francisco"]
[Black "Baker, Abi"]
[Result "1-0"]
[WhiteElo "1333"]
[BlackElo "1133"]
[PlyCount "71"]

1. e4 e6 2. d4 d5 3. e5 c5 4. c3 Nc6 5. Nf3 Qb6 6. b3 Bd7 7. Be3 O-O-O 8. Be2
Nge7 9. Ng5 Re8 10. Nxf7 Rg8 11. Nd6+ Kd8 12. Nxe8 Kxe8 13. O-O Nf5 14. dxc5
Bxc5 15. Bxc5 Qxc5 16. Bd3 Nxe5 17. Bxf5 Rf8 18. Bd3 g6 19. Qc2 b5 20. b4 Qb6
21. Nd2 Qc7 22. Nb3 Ng4 23. g3 e5 24. Rae1 a6 25. f3 Qb6+ 26. Kh1 Nf6 27. Rxe5+
Kd8 28. Kg2 Qb8 29. f4 Qc8 30. f5 g5 31. Nc5 g4 32. Nxd7 Nxd7 33. Rxd5 Qb7 34.
Be4 h5 35. Qd2 Kc7 36. Rxd7+ 1-0

[Event "Tournoi Skype 022B"]
[Site "Skype"]
[Date "????.??.??"]
[Round "1.27"]
[White "Erten, Ozlem"]
[Black "Ricieri, Vanilda"]
[Result "0-1"]
[WhiteElo "1112"]
[BlackElo "1327"]
[PlyCount "68"]

1. e4 c5 2. Nf3 g6 3. d4 cxd4 4. Nxd4 Bg7 5. Bc4 Nc6 6. Nxc6 bxc6 7. Nc3 Nh6 8.
Bxh6 Bxh6 9. Qd4 O-O 10. O-O d6 11. e5 Bg7 12. f4 dxe5 13. Qxd8 Rxd8 14. Rad1
Bg4 15. Rxd8+ Rxd8 16. fxe5 e6 17. h3 Bf5 18. Rf2 Bxe5 19. g4 Bd4 20. gxf5
Bxf2+ 21. Kxf2 exf5 22. Bd3 Kg7 23. Kf3 a5 24. a4 Kf6 25. Kf4 g5+ 26. Ke3 Ke5
27. Ne2 h5 28. Ng1 f4+ 29. Kf3 f5 30. h4 g4+ 31. Ke2 f3+ 32. Kf2 Kf4 33. b3 g3+
34. Ke1 f2+ 0-1

[Event "Tournoi Skype 022B"]
[Site "Skype"]
[Date "????.??.??"]
[Round "1.28"]
[White "Hernandez Lopez, Joaquin"]
[Black "Berbedes, Jorgelina"]
[Result "1-0"]
[WhiteElo "1318"]
[BlackElo "1094"]
[PlyCount "47"]

1. e4 e5 2. Nf3 Nc6 3. Bc4 h6 4. a3 Be7 5. d3 Nf6 6. Be3 d5 7. exd5 Nxd5 8. d4
Nxe3 9. fxe3 exd4 10. exd4 Qd7 11. d5 Na5 12. Ne5 Qd6 13. Qd4 b6 14. Bb5+ Kf8
15. O-O c5 16. Rxf7+ Kg8 17. Qe4 Rh7 18. Bd3 Rh8 19. Nc3 Bf6 20. Ng6 Kxf7 21.
Nxh8+ Kf8 22. Qg6 Bd7 23. Re1 c4 24. Qf7# 1-0

[Event "Tournoi Skype 022B"]
[Site "Skype"]
[Date "????.??.??"]
[Round "1.29"]
[White "Lequeux, Pierre"]
[Black "Khatanhar, Mohit"]
[Result "1/2-1/2"]
[WhiteElo "1083"]
[BlackElo "1314"]
[PlyCount "75"]

1. e4 e5 2. Nf3 d6 3. Bb5+ Bd7 4. Bc4 h6 5. O-O Nf6 6. Nc3 Be7 7. d3 O-O 8. Bd2
Nh7 9. g3 Nc6 10. Be3 Bg4 11. Bb5 Nb8 12. d4 exd4 13. Bxd4 Bf6 14. Bxf6 Qxf6
15. Be2 c6 16. Nd2 Bxe2 17. Qxe2 Qg6 18. Nf3 Qg4 19. Nd4 Qh3 20. Nf3 Nd7 21.
Rfe1 Ndf6 22. Qf1 Qh5 23. Nh4 Ng4 24. Qe2 Ng5 25. Kg2 f5 26. h3 Nf6 27. Qxh5
Nxh5 28. exf5 d5 29. Rad1 Rae8 30. Ne2 Rf7 31. Nf4 Rxe1 32. Rxe1 Nxf4+ 33. gxf4
Ne4 34. f3 Nf6 35. Kg3 Nh5+ 36. Kg4 Nf6+ 37. Kg3 Nh5+ 38. Kg4 1/2-1/2

[Event "Tournoi Skype 022B"]
[Site "Skype"]
[Date "????.??.??"]
[Round "1.31"]
[White "Mimouni, Driss"]
[Black "Vervoort, Jean-Louis"]
[Result "0-1"]
[WhiteElo "1068"]
[BlackElo "1307"]
[PlyCount "106"]

1. c4 c5 2. d3 e5 3. e4 d6 4. Qa4+ Bd7 5. Qc2 Nc6 6. a3 Nf6 7. Nf3 Be7 8. Bg5
O-O 9. Be2 Ng4 10. Bh4 Bxh4 11. Nxh4 Qxh4 12. g3 Qh3 13. Bf1 Qh6 14. h3 Nd4 15.
Qc3 Ba4 16. Ra2 Nc2+ 17. Kd1 Nce3+ 18. Kc1 Nxf1+ 19. Nd2 Nxd2 20. Qxd2 Qxd2+
21. Kxd2 Nxf2 22. Rh2 Nd1 23. h4 Bb3 24. Ra1 Nxb2 25. Rah1 Nxc4+ 26. Kc3 Nxa3
27. Kxb3 Nb5 28. g4 Nd4+ 29. Kc3 a5 30. g5 a4 31. h5 a3 32. h6 a2 33. hxg7
a1=Q+ 34. Kc4 Qa6+ 35. Kd5 Qc6+ 36. Kc4 Ra4+ 37. Kc3 Ra3+ 38. Kb2 Rb3+ 39. Kc1
Rc3+ 40. Kd2 Ra3 41. Rxh7 Rfa8 42. Ke3 Nc2+ 43. Kf3 Ne1+ 44. Kg4 Qd7+ 45. Kg3
Rxd3+ 46. Kf2 Qe6 47. Rh8+ Kxg7 48. Rxa8 Qg4 49. Rg1 Qf3+ 50. Kxe1 Qe3+ 51. Kf1
Rd1+ 52. Kg2 Rxg1+ 53. Kh2 Qg3# 0-1

[Event "Tournoi Skype 022B"]
[Site "Skype"]
[Date "????.??.??"]
[Round "1.32"]
[White "Ramirez Reina, Orlando"]
[Black "Barrionuevo, Hilario"]
[Result "1-0"]
[WhiteElo "1301"]
[BlackElo "1000"]
[PlyCount "81"]

1. e4 e5 2. Nf3 Nc6 3. Bc4 Nd4 4. Nxd4 exd4 5. d3 Bc5 6. Bf4 d6 7. O-O Nf6 8.
Nd2 O-O 9. Bg5 h6 10. Bxf6 Qxf6 11. Qf3 Qxf3 12. Nxf3 Bg4 13. Nd2 Rfe8 14. h3
Bh5 15. g4 Bg6 16. a3 Rad8 17. b4 Bb6 18. Bb3 Re5 19. f4 Re7 20. f5 Bh7 21. f6
Re5 22. fxg7 Kxg7 23. Rxf7+ Kh8 24. Raf1 h5 25. Rf8+ Rxf8 26. Rxf8+ Kg7 27.
Rf7+ Kg8 28. Rxc7+ Kf8 29. Rxh7 hxg4 30. hxg4 Rg5 31. Rh4 Bd8 32. Kf2 Rg6 33.
Rh8+ Ke7 34. Kg3 Rg7 35. Nf3 b5 36. Rh5 a6 37. Nxd4 d5 38. Nf5+ Kf7 39. Nxg7
Kxg7 40. Bxd5 Bc7+ 41. Kf3 1-0